Statistics for Pairs #30

Click here to take the quiz!

General Stats

  • This quiz has been taken 42 times
  • The average score is 19 of 25

Answer Stats

HintAnswer% Correct
StarsStripes
97%
ForwardBack
94%
HugsKisses
94%
HuffPuff
94%
SticksStones
91%
HungerThirst
91%
StrawberriesCream
88%
CopsRobbers
88%
CowboysIndians
85%
BornBred
82%
CrashBurn
79%
BoonBane
76%
BoldBeautiful
76%
WineDine
76%
CookiesMilk
73%
Hurry upWait
73%
CurdsWhey
73%
BoomBust
70%
SpitPolish
70%
CreamSugar
70%
StandDeliver
67%
StopDrop
64%
BootleggersBaptists
61%
BloodSoil
52%
BootRally
33%

Score Distribution

Percentile by Number Answered

Percent of People with Each Score

Your Score History

You have not taken this quiz